| 000 | 00511nam a2200169Ia 4500 | ||
|---|---|---|---|
| 999 |
_c5745 _d5745 |
||
| 020 | _a81-89884-00-X | ||
| 082 | _a954.0358 SIN-S | ||
| 100 | _aSinha, Mrinalini | ||
| 245 | 0 | _aSpecters of Mother India: the global restructuring of an empire | |
| 260 |
_aNew Delhi _bZubaan _c2006 |
||
| 504 | _aincludes bibliography, index and notes | ||
| 650 |
_aHistory _zIndia _z1925-1935 |
||
| 650 |
_aIndia _vSocial conditions _z1925-1935 |
||
| 650 |
_aWomen _vHistory _zIndia _z1925-1935 |
||
| 650 | _aSharda Act | ||
| 942 | _cBK | ||